|
|
|
|
| LEADER |
00662nam a2200193 4500 |
| 020 |
|
|
|a 076199386x
|c 245
|
| 082 |
|
|
|a 658.3 CHA
|
| 100 |
|
|
|a Chanda, Ashok; Kabra, Shilpa
|
| 245 |
|
|
|a Human resource strategy: Architecture for change
|c Chanda, Ashok; Kabra, Shilpa
|
| 250 |
|
|
|
| 260 |
|
|
|a Response Books: New Delhi
|c 2000
|
| 300 |
|
|
|a 313 p
|
| 490 |
|
|
|
| 500 |
|
|
|
| 590 |
|
|
|a Modern Book Centre
|b WCD 129/02; 10-04-02
|
| 650 |
|
|
|a Personnel/Human resources management--HRM--Training and development
|
| 942 |
|
|
|c BK
|
| 999 |
|
|
|c 137170
|d 137170
|
| 952 |
|
|
|0 0
|1 0
|4 0
|6 658_300000000000000_CHA
|7 0
|9 150630
|a IMK
|b IMK
|g 245.00
|l 0
|o 658.3 CHA
|p IMK04176
|r 2019-10-25
|w 2019-10-25
|y BK
|